Normal view
MARC view
- السيرة الذاتية -التحكيم الدولي التجاري - مؤتمرات
Entry Topical Term
001 - CONTROL NUMBER
- control field: 46565
003 - CONTROL NUMBER IDENTIFIER
- control field: JO-AjAnu
005 - DATE AND TIME OF LATEST TRANSACTION
- control field: 20230606081708.0
008 - FIXED-LENGTH DATA ELEMENTS
- fixed length control field: 230606|| aca||aabn | a|a d
040 ## - CATALOGING SOURCE
- Original cataloging agency: JO-AjAnu
- Transcribing agency: JO-AjAnu
150 ## - HEADING--TOPICAL TERM
- Topical term or geographic name entry element: السيرة الذاتية -التحكيم الدولي التجاري - مؤتمرات
670 ## - SOURCE DATA FOUND
- Source citation: Work cat.: (JO-AjAnu)23835: مركز الامارات للدراسات والبحوث الاستراتيجية, author 46564, المؤتمر العلمي السنوي السادس عشر: السيرة الذاتية للمشاركين وملخصات بحوث مؤتمر التحكيم التجاري الدولي : أهم الحلول البديلة لحل التزاعات التجارية